000 01373cam a22002054a 4500
005 20250605164007.0
008 250528s ||||||||||||||||||||||||d
035 _a15844
020 _a201533774
040 _aGR-AtMCL
_bgre
_dGR-AtMCL
_eAACR2
245 1 _aArtificial Intelligence / Third Edition
250 _a3rd
260 _bAddison Wesley Longman,
_c1992
300 _a744
520 _aThis book explains how it is possible for computers to reason and perceive, thus introducing the field called artificial intelligence. Acknowledgements, Software, Preface, Representations and Methods, The Intelligent Computer, Semantic Nets and Description Matching, Nets and Basic Search, Nets and Optimal Search, Trees and Adversarial Search, Rules and Rule Chaining, Frames and Inheritance, Frames and Commonsense, Numeric Constraints and Propagation, Symbolic Constraints and Propagation, Logic and Resolution Proof, Backtracking and Truth Maintenance, Planning, Learning and Regularity Recognition, Learning by Analyzing Differences, Learning by Correcting Mistakes, Learning by Recording Cases, Learning by Training Neural Nets, Learning by Simulating Evolution, Vision and Language, Describing Images, Expressing Language Constraints, Bibliography, Index, Conclusion.
700 1 _aWinston Patrick Henry
_91858
942 _cBK
999 _c1394
_d1394